000 00426pab a2200157 454500
008 180718b2002 xxu||||| |||| 00| 0 eng d
100 _aBanerjee, Sumanta
245 _aGujarat carnage and a cynical democracy
260 _c2002
300 _ap.1707-708.
362 _a4 MaY
650 _aGujarat - Politics and government
650 _aPolitics and government
773 _aEconomic and Political Weekly
909 _a52270
999 _c52270
_d52270